| 000 | 00000nam##2200000za#4500 |
| 001 | 9.659967 |
| 003 | CaOODSP |
| 005 | 20200330101810 |
| 007 | ta |
| 008 | 150407|1998||||xxc||||| f|0| 0 eng|d |
| 020 | |a0-662-63431-4 |
| 040 | |aCaOODSP|beng |
| 041 | |aeng |
| 041 | |afre |
| 043 | |an-cn--- |
| 086 | 1 |aSW21-20/1998 |
| 110 | 1 |aCanada. |bStatus of Women Canada. |
| 245 | 10|aAboriginal women in Canada : |bstrategic research directions for policy development / |cby Madeleine Dion Stout and Gregory D. Kipling. |
| 260 | |aOttawa - Ontario : |bStatus of Women Canada |c1998. |
| 300 | |aEnglish text, vii, 38p. : |bfigs., graphs ; |c28 cm. |
| 500 | |a"The purpose of this document is two-fold. It includes: a 10-year retrospective analysis of the policy-oriented literature on Aboriginal women, highlighting those areas in greatest need of further research and documentation; and an integrated policy agenda in which Aboriginal women's role as key change agents moves them beyond their homes and communities."--Page 1. |
| 504 | |aBibliography. |
| 546 | |aBilingual |
| 563 | |aSoftcover |
| 590 | |a98-14|b1998-04-03 |
| 690 | 07|aWomen|2gcpds |
| 690 | 07|aIndigenous peoples|2gcpds |
| 690 | 07|aPolicy|2gcpds |
| 690 | 07|aResearch|2gcpds |
| 720 | 1 |aStout, Madeleine Dion |
| 720 | 1 |aKipling, Gregory D. |
| 776 | 0#|tLes femmes autochtones au Canada : |w(CaOODSP)9.632859 |
| 776 | 0#|tAboriginal women in Canada : |w(CaOODSP)9.688435 |
| 792 | |tLes femmes autochtones au Canada : |efre|w(CaOODSP)9.659968 |